LEADER 01180nam2-2200397---450- 001 990003429690203316 005 20100726095948.0 010 $a88-8474-173-4 035 $a000342969 035 $aUSA01000342969 035 $a(ALEPH)000342969USA01 035 $a000342969 100 $a20100726d2008----km-y0itay50------ba 101 $aita 102 $aIT 105 $a||||||||001yy 200 1 $a<<2. :>> Da Augusto ai Severi$fGiuseppe Cascarino$gillustrazioni di Giuseppe Cascarino 210 $aRimini$cIl cerchio$d2008 215 $a350 p., XVI p. di tav.$cill.$d24 cm 225 2 $a<> archi 410 0$12001$a<> archi 454 1$12001 461 1$1001000342967$12001 606 0 $aEsercito romano$2BNCF 676 $a355.00937 700 1$aCASCARINO,$bGiuseppe$0608315 801 0$aIT$bsalbc$gISBD 912 $a990003429690203316 951 $aIX.4. 670 2$b222722 L.M.$cIX.4.$d00280914 959 $aBK 969 $aUMA 979 $aMARTUCCIEL$b90$c20100726$lUSA01$h0955 979 $aMARTUCCIEL$b90$c20100726$lUSA01$h0957 979 $aMARTUCCIEL$b90$c20100726$lUSA01$h0959 996 $aDa Augusto ai Severi$91109643 997 $aUNISA LEADER 02281nam0 22004573i 450 001 VAN0183274 005 20230612022434.957 017 70$2N$a9783319637334 100 $a20210715d2017 |0itac50 ba 101 $aeng 102 $aCH 105 $a|||| ||||| 200 1 $aClassical and Quantum Aspects of Gravity in Relation to the Emergent Paradigm$eDoctoral Thesis accepted by Jawaharlal Nehru University, Pune, India$fSumanta Chakraborty 210 $aCham$cSpringer$d2017 215 $axxi, 263 p.$cill.$d24 cm 410 1$1001VAN0104193$12001 $aSpringer theses$erecognizing outstanding Ph.D. research$1210 $aBerlin$cSpringer$d2010- 500 1$3VAN0183285$aClassical and Quantum Aspects of Gravity in Relation to the Emergent Paradigm$91825418 606 $a83-XX$xRelativity and gravitational theory [MSC 2020]$3VANC023243$2MF 606 $a83Fxx$xCosmology [MSC 2020]$3VANC023580$2MF 606 $a83C45$xQuantization of the gravitational field [MSC 2020]$3VANC023588$2MF 606 $a81V17$xGravitational interaction in quantum theory [MSC 2020]$3VANC036151$2MF 610 $aBlack Hole Information Loss Paradox$9KW:K 610 $aConnection of Gravity and Thermodynamics$9KW:K 610 $aEmergent Paradigm of Gravity$9KW:K 610 $aHawking Radiation$9KW:K 610 $aHigher Curvature Theories of Gravity$9KW:K 610 $aLanczos-Lovelock Models of Gravity$9KW:K 610 $aNull Surfaces$9KW:K 610 $aTwo-dimensional Spacetime$9KW:K 610 $aZero Point Length$9KW:K 620 $aCH$dCham$3VANL001889 700 1$aChakraborty$bSumanta$3VANV164226$0818839 712 $aSpringer $3VANV108073$4650 801 $aIT$bSOL$c20240614$gRICA 856 4 $uhttp://doi.org/10.1007/978-3-319-63733-4$zE-book ? Accesso al full-text attraverso riconoscimento IP di Ateneo, proxy e/o Shibboleth 899 $aBIBLIOTECA DEL DIPARTIMENTO DI MATEMATICA E FISICA$1IT-CE0120$2VAN08 912 $fN 912 $aVAN0183274 950 $aBIBLIOTECA DEL DIPARTIMENTO DI MATEMATICA E FISICA$d08CONS e-book 3061 $e08eMF3061 20210715 996 $aClassical and Quantum Aspects of Gravity in Relation to the Emergent Paradigm$91825418 997 $aUNICAMPANIA